[Event "KRO m"]
[Site "Hilversum"]
[Date "1991.??.??"]
[Round "4"]
[White "Ivanchuk, Vassily"]
[Black "Timman, Jan H"]
[Result "1/2-1/2"]
[WhiteElo "2735"]
[BlackElo "2630"]

1.d4 Nf6 2.c4 g6 3.Nc3 Bg7 4.Nf3 O-O 5.e4 d6 6.Be2 e5 7.O-O Nc6 8.d5 Ne7
9.Ne1 Nd7 10.Nd3 f5 11.Bd2 Nf6 12.f3 f4 13.c5 g5 14.Rc1 Ng6 15.cxd6 cxd6
16.Nb5 Rf7 17.Qc2 Ne8 18.a4 h5 19.Nf2 Bf8 20.Qb3 Rg7 21.h3 Nh4 22.Rc2 a6
23.Na3 Bd7 24.Rfc1 Rb8 25.Nc4 b6 26.a5 g4 27.fxg4 Nf6 28.Nxb6 hxg4 29.hxg4 Nxg2
30.Qh3 Ne3 31.Bxe3 Rh7 32.Qg2 fxe3 33.Nd1 Nh5 34.gxh5+ Rg7 35.Nxd7 Rxg2+
36.Kxg2 Qxd7 37.Nxe3 Bh6 38.Ng4 Bg5 39.Rc7 Qa4 40.R1c4 Qxa5 41.Nf2 Qe1 42.Rc8+ Rxc8
43.Rxc8+ Kg7 44.Rc2 Bh4 45.Bf3 Kh6 46.Re2 Qc1 47.Ng4+ Kg5 48.Ne3 Kf4 49.h6 Qc8
50.Nf5 Qd8 51.Re3 Bg5 52.h7 Bf6 53.Be2 Bh8 54.Bd3 Qc7 55.Rf3+ Kg5 56.Rg3+ Kf6
57.Rh3 Qc1 58.Nxd6 Qxb2+ 59.Kf1 a5 60.Nc4 Qa1+ 61.Ke2 a4 62.d6 Qd4 63.Rh6+ Kg7
64.Re6 Kxh7 65.Re7+ Kg6 66.d7 Bf6 67.Re6 a3 68.Nd6 Qb6 69.Bc4 a2 70.Bxa2 Qb2+
71.Kf3 Kh5 72.Rxf6 Qc3+ 73.Kg2 Qd2+ 74.Rf2 Qxd6 75.Be6 Kg6 76.Kh2 Kg7 77.Rf7+ Kg6
78.Bd5 Qc7 79.Kg3 Qd8 80.Kg4 Qg5+ 81.Kf3 Qd8 82.Kf2 Qc7 83.Kg3 Qb6 84.Kh4 Qa5
85.Kg4 Qd8 86.Kf3 Qa5 87.Rf5 Qa3+ 88.Kg4 Qd6 89.Rf7 Qb6 90.Rf3 Qd6 91.Bc6 Kg7
92.Kg3 Qd2 93.Bb5 Qg5+ 94.Kh3 Qh6+ 95.Kg2 Qd2+ 96.Rf2 Qg5+ 97.Kf1 Qc1+ 98.Kg2 Qg5+
99.Kf1 Qc1+ 100.Ke2 Qc2+ 101.Kf3 Qd1+ 102.Kg3 Qg1+ 103.Kf3  1/2-1/2

[Event "KRO m"]
[Site "Hilversum"]
[Date "1991.??.??"]
[Round "6"]
[White "Ivanchuk, Vassily"]
[Black "Timman, Jan H"]
[Result "0-1"]
[WhiteElo "2735"]
[BlackElo "2630"]

1.e4 c5 2.Nf3 d6 3.d4 cxd4 4.Nxd4 Nf6 5.Nc3 e6 6.g4 h6 7.h4 Be7 8.Rg1 d5
9.Bf4 Bb4 10.Nb5 Nc6 11.Nc7+ Kf8 12.Nxa8 Nxe4 13.a3 Qxh4 14.Bg3 Bxc3+ 15.bxc3 Qf6
16.Qd3 Nxc3 17.Bg2 Bd7 18.Nc7 Ke7 19.Kd2 d4 20.f4 Rc8 21.Nb5 Na5 22.Nxd4 Rc4
23.Bf2 Qxf4+ 24.Be3 Qh2 25.Rae1 Nd5 26.Kc1 Rc3 27.Qd2 Nc4 28.Bxd5 Nxd2 29.Bxd2 Qc7
30.Bxc3 Qxc3 31.Nb3 Ba4 32.Re4 Bxb3 33.Bxb3 Qa1+  0-1

[Event "Terrassa"]
[Site "Terrassa"]
[Date "1991.??.??"]
[Round "1"]
[White "Romanishin, Oleg M"]
[Black "Ivanchuk, Vassily"]
[Result "1/2-1/2"]
[WhiteElo "2610"]
[BlackElo "2695"]

1.d4 Nf6 2.Nf3 g6 3.g3 Bg7 4.Bg2 O-O 5.O-O d5 6.c4 c6 7.cxd5 cxd5 8.Ne5 Bf5
9.Nc3 Ne4 10.Be3 Nxc3 11.bxc3 Nc6 12.Qb3 e6 13.Nxc6 bxc6 14.Qa3 Re8 15.Bf4 Bf8
16.Qa4 Bd6 17.Bxd6 Qxd6 18.Rfe1 Reb8 19.e4 Bxe4 20.Bxe4 dxe4 21.Rxe4 c5 22.Rd1 Rb7
23.dxc5  1/2-1/2

[Event "Terrassa"]
[Site "Terrassa"]
[Date "1991.??.??"]
[Round "2"]
[White "Ivanchuk, Vassily"]
[Black "Pomes Marcet, Juan"]
[Result "1-0"]
[WhiteElo "2695"]
[BlackElo "2400"]

1.d4 f5 2.g3 Nf6 3.Bg2 g6 4.Nh3 Bg7 5.Nf4 O-O 6.O-O Qe8 7.Nc3 c6 8.e4 fxe4
9.Nxe4 Nxe4 10.Bxe4 d5 11.Bg2 Na6 12.c3 Qf7 13.Nd3 Bf5 14.Bf4 g5 15.Ne5 Bxe5
16.Bxe5 Qg6 17.g4 Be4 18.Bxe4 Qxe4 19.Re1 Qg6 20.Qb3 Qf7 21.f4 e6 22.Rf1 gxf4
23.Rxf4 Qd7 24.Raf1 Rxf4 25.Rxf4 c5 26.Qc2 cxd4 27.g5 Rf8 28.Rxf8+ Kxf8 29.cxd4 Qc6
30.Qxc6 bxc6 31.h4 Kf7 32.Bd6 Kg6 33.Kf2 e5 34.dxe5 Kf5 35.b4 c5 36.Bxc5 Kxe5
37.a3 Nc7 38.Bxa7 Nb5 39.Bb8+ Ke4 40.h5 Nd4 41.g6  1-0

[Event "Terrassa"]
[Site "Terrassa"]
[Date "1991.??.??"]
[Round "4"]
[White "Ivanchuk, Vassily"]
[Black "Epishin, Vladimir"]
[Result "1/2-1/2"]
[WhiteElo "2695"]
[BlackElo "2620"]

1.d4 Nf6 2.c4 e5 3.dxe5 Ng4 4.Bf4 Bb4+ 5.Nd2 Nc6 6.Nf3 Qe7 7.e3 Ngxe5 8.Nxe5 Nxe5
9.Be2 d6 10.O-O Bd7 11.a3 Bxd2 12.Qxd2 f6 13.b4 Rd8 14.Bh5+ Nf7 15.c5 Bb5
16.Rfd1 d5 17.e4 Ba4 18.exd5 Bxd1 19.Rxd1 O-O 20.d6 cxd6 21.cxd6 Qe6 22.Bf3 Kh8
23.d7 b6 24.Bc7 Ne5 25.Bxd8 Rxd8 26.Qc2 Rxd7 27.Qc8+ Qg8 28.Qxg8+ Kxg8 29.Rxd7 Nxd7
30.Bd5+ Kf8 31.f4 Ke7 32.Kf2 f5 33.Ke3 Kd6 34.Kd4 Nf6 35.Bf3 Ne8 36.Kc4 Nc7
37.g3 Ke6 38.Be2 Kd6 39.Bd3 Ke6 40.Kd4 g6 41.Bc4+ Kf6 42.a4 h6 43.h3 g5 44.h4 gxf4
45.gxf4 Ne6+ 46.Bxe6 Kxe6 47.Kc4 a6  1/2-1/2

[Event "Terrassa"]
[Site "Terrassa"]
[Date "1991.??.??"]
[Round "5"]
[White "Ehlvest, Jaan"]
[Black "Ivanchuk, Vassily"]
[Result "1/2-1/2"]
[WhiteElo "2650"]
[BlackElo "2695"]

1.e4 c5 2.Nf3 d6 3.d4 cxd4 4.Nxd4 Nf6 5.Nc3 Nc6 6.Bg5 e6 7.Qd2 a6 8.O-O-O h6
9.Be3 Bd7 10.f4 Be7 11.Kb1 b5 12.Bd3 O-O 13.Rhe1 Qc7 14.h3 Na5 15.Qf2 b4
16.Nce2 Nc4 17.Bc1 a5 18.Ng3 Rfc8 19.Qe2 Rab8 20.Ka1 a4 21.e5 dxe5 22.fxe5 Nd5
23.Qh5 Be8 24.Bxc4 Qxc4 25.Qg4 b3 26.cxb3 axb3 27.Nxb3 Qa6 28.Rxd5 Rxb3 29.Nh5 g6
30.Rd6 Bxd6 31.exd6 Ra8 32.a3 Qd3 33.Rd1 Rbxa3+ 34.bxa3 Rxa3+ 35.Bxa3 Qxa3+
36.Kb1 Qb3+  1/2-1/2

[Event "Terrassa"]
[Site "Terrassa"]
[Date "1991.??.??"]
[Round "7"]
[White "Boensch, Uwe"]
[Black "Ivanchuk, Vassily"]
[Result "1/2-1/2"]
[WhiteElo "2470"]
[BlackElo "2695"]

1.d4 Nf6 2.c4 e6 3.Nc3 Bb4 4.Qc2 O-O 5.Nf3 c5 6.dxc5 Na6 7.g3 Nxc5 8.Bg2 Nce4
9.Bd2 Nxd2 10.Nxd2 a6 11.O-O Qc7 12.Rfc1 Rb8 13.a3 Be7 14.Na4 b6 15.b4 a5
16.b5 Bb7 17.Qd3 Rfc8 18.Rc3 Bxg2 19.Kxg2 Qb7+ 20.Qf3 d5 21.cxd5 Nxd5 22.Rc4 Bg5
23.Rxc8+ Qxc8 24.Ne4 Be7 25.Qb3 Qc7 26.Rd1 Rc8 27.Rd3 Qc4 28.Nd2 Qxb3 29.Rxb3 f5
30.Nb1 Bf6 31.Nd2 Rc2 32.Rd3 Be7 33.Nf3 Bf6 34.Rd2 Rc1 35.Nd4 Bxd4 36.Rxd4 Rb1
37.f3 Rxb5 38.e4 fxe4 39.fxe4 Ne3+ 40.Kf2 Rb3 41.h3 Nc2 42.Rd6 Nxa3 43.Nxb6 Kf7
44.Rc6 Rb2+ 45.Kf3 Rc2 46.Rd6 Nb5 47.Rd7+ Kf6 48.Rb7 Nd6 49.Ra7 Ra2 50.Nd7+ Kg5
51.h4+ Kh5 52.Nc5 Kg6  1/2-1/2

[Event "Terrassa"]
[Site "Terrassa"]
[Date "1991.??.??"]
[Round "9"]
[White "Illescas Cordoba, Miguel"]
[Black "Ivanchuk, Vassily"]
[Result "1/2-1/2"]
[WhiteElo "2545"]
[BlackElo "2695"]

1.e4 c5 2.Nc3 e6 3.Nf3 Nc6 4.Bb5 Nge7 5.O-O Nd4 6.Nxd4 cxd4 7.Ne2 a6 8.Ba4 Nc6
9.d3 Be7 10.c3 b5 11.Bb3 dxc3 12.bxc3 Bb7 13.Ng3 O-O 14.Qg4 Ne5 15.Qe2 Nc6
16.Qg4 Kh8 17.Bb2 Na5 18.f4 Qb6+ 19.Kh1 Nxb3 20.axb3 f6 21.f5 Rfe8 22.Nh5 Bf8
23.Ba3 exf5 24.Rxf5 d6 25.Qg3 Qc7 26.Bb2 Re5  1/2-1/2

[Event "EU-chT (Men)"]
[Site "Debrecen"]
[Date "1992.??.??"]
[Round "8"]
[White "Georgiev, Kiril"]
[Black "Ivanchuk, Vassily"]
[Result "1/2-1/2"]
[WhiteElo "2605"]
[BlackElo "2720"]

1.e4 e5 2.Nf3 Nf6 3.Nxe5 d6 4.Nf3 Nxe4 5.d4 d5 6.Bd3 Nc6 7.O-O Be7 8.c4 Nb4
9.Be2 O-O 10.Nc3 Be6 11.Be3 Bf5 12.Rc1 dxc4 13.Bxc4 c6 14.Ne5 Nxc3 15.bxc3 Nd5
16.Qb3 f6 17.Nf3 b5 18.Be2 Kh8 19.Bd2 Nb6 20.Rfe1 Qd7 21.c4 bxc4 22.Bxc4 Nxc4
23.Qxc4 Rfc8 24.Nh4 Bf8 25.Nxf5 Qxf5 26.Bb4 Bxb4 27.Qxb4 Rab8 28.Qe7 h6 29.Qxa7 Rb2
30.Rf1 Re8 31.a4 Ree2 32.d5 Qxd5 33.a5 Ra2 34.a6 Qb5 35.Qa8+ Kh7 36.Qxc6 Qxa6  1/2-1/2

[Event "Dortmund"]
[Site "Dortmund"]
[Date "1992.??.??"]
[Round "4"]
[White "Huebner, Robert"]
[Black "Ivanchuk, Vassily"]
[Result "1/2-1/2"]
[WhiteElo "2615"]
[BlackElo "2720"]

1.d4 Nf6 2.c4 e6 3.Nf3 d5 4.Nc3 Be7 5.Bg5 h6 6.Bh4 O-O 7.e3 b6 8.Be2 Bb7
9.Bxf6 Bxf6 10.cxd5 exd5 11.b4 c5 12.bxc5 bxc5 13.Rb1 Bc6 14.O-O Nd7 15.Bb5 Qc7
16.Qd2 Rab8 17.Bxc6 Qxc6 18.dxc5 Bxc3 19.Qxc3 Qxc5 20.Qxc5 Nxc5 21.Nd4 Rfc8
22.f3 g6 23.Rxb8 Rxb8 24.Nc6 Re8 25.Kf2 Nd3+ 26.Ke2 Nf4+  1/2-1/2

[Event "Dortmund"]
[Site "Dortmund"]
[Date "1992.??.??"]
[Round "9"]
[White "Ivanchuk, Vassily"]
[Black "Shirov, Alexei"]
[Result "1/2-1/2"]
[WhiteElo "2720"]
[BlackElo "2655"]

1.e4 c5 2.Nf3 e6 3.c3 d5 4.exd5 exd5 5.d4 Nc6 6.Bb5 Bd6 7.O-O Ne7 8.dxc5 Bxc5
9.Nbd2 Bg4 10.Qa4 Bh5 11.Qh4 Bg6 12.Nb3 Bb6 13.Nfd4 O-O 14.Be3 a6 15.Be2 Ne5
16.Rad1 Rc8 17.Rfe1 Re8 18.Nf3 Bxe3 19.Nxe5 Bb6 20.Bg4 Nf5 21.Qh3 Qg5 22.Nf3 Qf6
23.Nbd4 Nxd4 24.Bxc8 Nxf3+ 25.gxf3 Rxe1+ 26.Rxe1 h5 27.Bxb7 Qg5+ 28.Qg3 Qd2
29.Re5 Qc1+ 30.Kg2 Bd3 31.h4 Bc7 32.Bxd5 Bxe5 33.Qxe5 Qf1+ 34.Kh2 Qxf2+ 35.Kh1  1/2-1/2

[Event "Manila ol (Men)"]
[Site "Manila"]
[Date "1992.??.??"]
[Round "?"]
[White "Azmaiparashvili, Zurab"]
[Black "Ivanchuk, Vassily"]
[Result "1/2-1/2"]
[WhiteElo "2610"]
[BlackElo "2720"]

1.c4 c5 2.Nc3 Nc6 3.g3 g6 4.Bg2 Bg7 5.e3 Nf6 6.Nge2 O-O 7.O-O d6 8.b3 Bf5
9.Bb2 Bd3 10.Re1 g5 11.Nc1 Bg6 12.d3 e6 13.e4 Nd7 14.N1e2 f5 15.exf5 Bxf5
16.Qd2 Nde5 17.Ne4 Bxe4 18.Bxe4 Nf3+ 19.Bxf3 Bxb2 20.Bxc6 Bxa1 21.Bxb7 Rb8
22.Bg2 Qf6 23.Rf1 Kh8 24.Qe3 Rf7 25.Bh3 Be5 26.Bg4 Rbf8 27.Qe4 Qh6  1/2-1/2

[Event "Manila ol (Men)"]
[Site "Manila"]
[Date "1992.??.??"]
[Round "?"]
[White "Ivanchuk, Vassily"]
[Black "Vaganian, Rafael A"]
[Result "1/2-1/2"]
[WhiteElo "2720"]
[BlackElo "2590"]

1.e4 Nf6 2.e5 Nd5 3.d4 d6 4.Nf3 g6 5.Bc4 c6 6.O-O Bg7 7.exd6 Qxd6 8.Nbd2 Bg4
9.Re1 O-O 10.h3 Bxf3 11.Nxf3 e6 12.Bf1 b5 13.a4 b4 14.c4 bxc3 15.bxc3 Qc7
16.Ba3 Rd8 17.c4 Ne7 18.Ra2 a5 19.Rd2 Na6 20.g3 Nb4 21.Bg2 Rab8 22.Qe2 Nf5
23.Red1 c5 24.dxc5 Rxd2 25.Qxd2 Qxc5 26.g4 Ne7 27.Bb2 e5 28.Ng5 Nbc6 29.Bxc6 Qxc6
30.Ba3 Bf6 31.Qxa5 Nd5  1/2-1/2

[Event "Roquebrune"]
[Site "Roquebrune"]
[Date "1992.??.??"]
[Round "?"]
[White "Ivanchuk, Vassily"]
[Black "Karpov, Anatoly"]
[Result "0-1"]
[WhiteElo "2720"]
[BlackElo "2725"]

1.d4 Nf6 2.c4 e6 3.Nf3 b6 4.a3 Bb7 5.Nc3 d5 6.cxd5 Nxd5 7.Qc2 Nxc3 8.Qxc3 h6
9.e3 Be7 10.Bb5+ c6 11.Ba4 O-O 12.O-O Nd7 13.e4 b5 14.Bc2 c5 15.Rd1 Qb6 16.dxc5 Nxc5
17.Be3 Qc6 18.Ne5 Qc8 19.f3 Na4 20.Qb3 Bc5 21.Rd3 Bxe3+ 22.Rxe3 Rd8 23.Nd3 a6
24.Rc1 Qc7 25.Qb4 Qb6 26.Qe1 Rac8 27.Kf1 Nc5 28.Nxc5 Rxc5 29.Rc3 Rxc3 30.Qxc3 Rc8
31.Qd2 Qc5 32.Qf2 Qc4+ 33.Qe2 Qc7 34.Qd3 Qxh2 35.Kf2 Qc7 36.Qd2 h5 37.Kf1 h4
38.Kf2 Qg3+ 39.Ke3 Qg5+  0-1

[Event "Roquebrune"]
[Site "Roquebrune"]
[Date "1992.??.??"]
[Round "?"]
[White "Ivanchuk, Vassily"]
[Black "Christiansen, Larry Mark"]
[Result "1/2-1/2"]
[WhiteElo "2720"]
[BlackElo "2595"]

1.e4 c5 2.Nf3 e6 3.d4 cxd4 4.Nxd4 a6 5.c4 Nf6 6.Nc3 Qc7 7.a3 Nc6 8.Be3 Be7
9.Rc1 O-O 10.Be2 b6 11.O-O Bb7 12.f3 Nxd4 13.Bxd4 d6 14.b4 Rfd8 15.Qd2 Rac8
16.Rfd1 Nd7 17.Bf1 Bf8 18.Qf2 Ba8 19.Rc2 Qb8 20.Rdc1 Rc6 21.Nd1 Rdc8 22.Ne3 Ne5
23.f4 Nd7 24.Bb2 b5 25.Bd3 bxc4 26.Nxc4 e5 27.fxe5 Nxe5 28.Nxe5 dxe5 29.Rxc6 Rxc6
30.Rxc6 Bxc6 31.Bxa6 Bxe4 32.Bc4 Bg6 33.Bb3 h5 34.h3 Kh7 35.Bxf7 Qd6 36.Bxg6+ Kxg6
37.Qe3 Kf5 38.Bc3 Qd1+ 39.Kh2 Bd6 40.Qf3+ Qxf3 41.gxf3 e4+ 42.Kg2 exf3+ 43.Kxf3 g5
44.a4 g4+ 45.hxg4+ hxg4+ 46.Ke3 Bxb4 47.Bxb4 Ke6  1/2-1/2

[Event "Roquebrune rapid"]
[Site "Roquebrune"]
[Date "1992.??.??"]
[Round "7"]
[White "Ivanchuk, Vassily"]
[Black "Ljubojevic, Ljubomir"]
[Result "1/2-1/2"]
[WhiteElo "2720"]
[BlackElo "2610"]

1.d4 d5 2.Nf3 Nf6 3.c4 e6 4.Nc3 Be7 5.Bg5 Nbd7 6.e3 O-O 7.Rc1 b6 8.cxd5 exd5
9.Be2 Bb7 10.O-O Ne4 11.Bxe7 Qxe7 12.Re1 Rfd8 13.Qb3 Ndf6 14.Nxe4 dxe4 15.Ne5 c5
16.Bc4 Nd5 17.f3 cxd4 18.exd4 exf3 19.Qxf3 Qf6 20.Qg3 Qd6 21.Bb3 f6 22.Nc6 Qxg3
23.hxg3 Bxc6 24.Rxc6 Kf8 25.Bxd5 Rxd5 26.Rc7 Rxd4 27.Ree7 Rg4 28.Rf7+ Kg8
29.Rxa7 Rxa7 30.Rxa7 Rb4 31.b3 h5 32.Rb7 Kh7 33.Kf2 Kh6 34.Kf3 g5 35.Rd7 Kg6
36.Rd5 Kf7  1/2-1/2

[Event "Roquebrune rapid"]
[Site "Roquebrune"]
[Date "1992.??.??"]
[Round "8"]
[White "Anand, Viswanathan"]
[Black "Ivanchuk, Vassily"]
[Result "1/2-1/2"]
[WhiteElo "2670"]
[BlackElo "2720"]

1.e4 e5 2.Nc3 Nf6 3.Bc4 Nxe4 4.Qh5 Nd6 5.Bb3 Be7 6.Nf3 Nc6 7.Nxe5 g6 8.Qe2 Nd4
9.Qd3 Nxb3 10.axb3 Nf5 11.O-O d6 12.Nf3 c6 13.b4 O-O 14.b5 d5 15.bxc6 bxc6
16.Re1 a5 17.Qe2 Bb4 18.d3 d4 19.Ne4 Bxe1 20.Qxe1 f6 21.b3 Be6 22.Bd2 Bd5
23.Bxa5 Qe7 24.Ra4 Qe6 25.h3 Rfe8 26.Nxd4 Nxd4 27.Rxd4 f5 28.c4 fxe4 29.cxd5 cxd5
30.dxe4 dxe4 31.Bd2 Qxb3 32.Rxe4 Qf7 33.Bc3 h5  1/2-1/2

[Event "Roquebrune rapid"]
[Site "Roquebrune"]
[Date "1992.??.??"]
[Round "12"]
[White "Ivanchuk, Vassily"]
[Black "Larsen, Bent"]
[Result "1/2-1/2"]
[WhiteElo "2720"]
[BlackElo "2535"]

1.e4 c5 2.Nf3 Nc6 3.d4 cxd4 4.Nxd4 g6 5.c4 Bg7 6.Be3 Nf6 7.Nc3 O-O 8.Be2 d6
9.O-O Bd7 10.Qd2 Nxd4 11.Bxd4 Bc6 12.f3 a5 13.Rab1 Nd7 14.Be3 Nc5 15.b3 Qb6
16.Rfc1 Rfc8 17.Rc2 Qd8 18.a3 h5 19.Bf1 Bd7 20.Nd5 e6 21.Nc3 Qe7 22.Bg5 Qf8
23.Bf4 e5 24.Be3 a4 25.b4 Nb3 26.Qd1 Bh6 27.Bxh6 Qxh6 28.Qxd6 Be6 29.Nb5 Nd4
30.Nxd4 Qe3+ 31.Kh1 exd4 32.b5 Rd8 33.Qb4 d3 34.Rc3 h4 35.Rd1 h3 36.Qb2 Rac8
37.Rcxd3 Rxd3 38.Rxd3 Qe1 39.Qe2 Qc1 40.Qd1 hxg2+ 41.Kxg2 Qg5+ 42.Kh1 Kh7
43.Rd4 Qe3 44.Rd3 Qg5 45.Rd4 Qe3  1/2-1/2

[Event "Roquebrune rapid"]
[Site "Roquebrune"]
[Date "1992.??.??"]
[Round "15"]
[White "Ivanchuk, Vassily"]
[Black "Kortschnoj, Viktor"]
[Result "1/2-1/2"]
[WhiteElo "2720"]
[BlackElo "2585"]

1.e4 e6 2.d4 d5 3.Nc3 Nf6 4.e5 Nfd7 5.f4 c5 6.Nf3 Nc6 7.Be3 Be7 8.dxc5 Bxc5
9.Qd2 O-O 10.O-O-O Qb6 11.Bg1 Bxg1 12.Rxg1 Nc5 13.Bd3 Nb4 14.Kb1 Bd7 15.Qe3 Rfc8
16.a3 a5 17.g4 Nbxd3 18.cxd3 Qa7 19.f5 Na4 20.Qxa7 Nxc3+ 21.bxc3 Rxa7 22.fxe6 fxe6
23.Rc1 Ra6 24.Nd4 Be8 25.Kc2 b5 26.Kd2 Kf7 27.Rc2  1/2-1/2

[Event "Roquebrune rapid"]
[Site "Roquebrune"]
[Date "1992.??.??"]
[Round "18"]
[White "Ljubojevic, Ljubomir"]
[Black "Ivanchuk, Vassily"]
[Result "1/2-1/2"]
[WhiteElo "2610"]
[BlackElo "2720"]

1.c4 g6 2.d4 Nf6 3.g3 Bg7 4.Bg2 d5 5.cxd5 Nxd5 6.Nf3 O-O 7.O-O c5 8.Na3 cxd4
9.Nxd4 Nc6 10.Nxc6 bxc6 11.Nc4 Ba6 12.Qc2 Rb8 13.a3 Nc3 14.Bf4 Bxc4 15.Bxb8 Nxe2+
16.Kh1 Bd3 17.Qb3 c5 18.Bxa7 c4 19.Qb4 Nd4 20.Bxd4 Qxd4 21.b3 Bxf1 22.Rxf1 cxb3
23.Qxb3 Qa7 24.a4 Rb8 25.Qc4 e6 26.Be4 Bf8 27.Bc2 Bc5 28.Kg2 Rb4 29.Qc3 Qb7+
30.Qf3 Qxf3+ 31.Kxf3 Rc4 32.Bd1 Rc3+ 33.Ke2 Kf8 34.f4 Re3+ 35.Kd2 Ra3 36.Bc2 Bb4+
37.Ke2 Rc3  1/2-1/2

[Event "Tilburg"]
[Site "Tilburg"]
[Date "1992.??.??"]
[Round "1"]
[White "Lautier, Joel"]
[Black "Ivanchuk, Vassily"]
[Result "1/2-1/2"]
[WhiteElo "2580"]
[BlackElo "2720"]

1.c4 c5 2.Nf3 Nc6 3.d4 cxd4 4.Nxd4 Nf6 5.Nc3 e6 6.e4 Bb4 7.Nxc6 dxc6 8.Qxd8+ Kxd8
9.f3 e5 10.Be3 Kc7 11.Rc1 Nd7 12.Kf2 Bc5 13.Na4 Bxe3+ 14.Kxe3 Nf8 15.c5 Ne6
16.Bc4 f6 17.Rhd1 Nd4 18.f4 Bg4 19.Rf1 Rad8 20.fxe5 fxe5 21.b3 b5 22.cxb6+ axb6
23.Nc3 Rhf8 24.Rxf8 Rxf8 25.Be2 Bxe2 26.Nxe2 c5 27.Nc3 Kc6 28.Na4 Ra8 29.Kd3 Ne6
30.Ke3 Nd4 31.Kd3 Ra7 32.Ke3 h5 33.Kd3 h4 34.Ke3 Ra8 35.h3 Ra7 36.Kd3 Ne6
37.Ke3 Nf4 38.Rc2 Rd7 39.Nb2 b5 40.a4 Rd4 41.axb5+ Kxb5 42.Nc4 Rd3+ 43.Kf2 Rg3
44.Kf1 Rxb3 45.Nxe5 Rb4 46.Nf7 c4 47.Kf2 Ne6 48.Ne5 Nc5 49.Kf3 Rb3+ 50.Ke2 c3
51.Kf3 g5 52.Nf7 Nd3 53.Ke3 Nb4 54.Rc1 Na2 55.Rf1 c2+ 56.Kd2 c1=Q+ 57.Rxc1 Nxc1
58.Nxg5 Rg3 59.Nf3 Nb3+ 60.Ke3 Rxg2 61.Nxh4 Rg3+ 62.Kf4 Rxh3 63.Nf3 Nc5 64.Kg4 Rh8
65.Kf4 Rf8+ 66.Ke3 Re8 67.Nd2 Kb4 68.Kd4 Rd8+ 69.Ke3 Rd3+ 70.Ke2 Kc3 71.Nf3 Nxe4
72.Ne5 Rd5 73.Nf3 Ng5 74.Nh4 Re5+ 75.Kf2 Kd3 76.Kg3 Ke4 77.Kg4 Nf7 78.Nf3 Nh6+
79.Kg3 Nf5+ 80.Kg4 Ne3+ 81.Kg3 Rf5 82.Nd2+ Kd3 83.Nf3 Rf8 84.Ng5 Rg8 85.Kf4 Nd5+
86.Kf5 Ke3 87.Ne6 Re8 88.Ng7 Re7 89.Nh5 Nf4 90.Nf6 Kf3 91.Kg5 Rf7 92.Ne8 Rf8
93.Nd6 Ne6+ 94.Kg6 Kf4 95.Nf7 Rg8+ 96.Kf6 Nc5 97.Nh6 Ne4+ 98.Kf7 Rg4 99.Nxg4  1/2-1/2

[Event "Tilburg"]
[Site "Tilburg"]
[Date "1992.??.??"]
[Round "1"]
[White "Ivanchuk, Vassily"]
[Black "Epishin, Vladimir"]
[Result "1-0"]
[WhiteElo "2720"]
[BlackElo "2630"]

1.e4 e6 2.d4 d5 3.Nc3 dxe4 4.Nxe4 Bd7 5.Nf3 Bc6 6.Bd3 Nd7 7.O-O Ngf6 8.Ng3 Be7
9.c4 Bxf3 10.Qxf3 c6 11.b3 O-O 12.Bb2 Re8 13.h4 g6 14.h5 Qa5 15.hxg6 hxg6
16.a3 Qg5 17.Rfe1 Rad8 18.Rad1 Qg4 19.Qxg4 Nxg4 20.Ne4 Nh6 21.d5 Nf5 22.dxe6 fxe6
23.b4 Nb6 24.Be2 Kf7 25.g4 Nh4 26.f4 Rf8 27.Kh2 Ke8 28.Kg3 Rd7 29.Bg7 Rf7
30.Bh6 g5 31.fxg5 Ng6 32.Nf6+ Bxf6 33.gxf6 Rxf6 34.g5 Rf5 35.Bh5 Kf7 36.Bxg6+ Kxg6
37.Rxe6+ Kf7 38.Rde1 Kg8 39.g6 Rf8 40.Re8 Rd3+ 41.Kg2 Nd7 42.Rxf8+ Nxf8 43.Re8  1-0

[Event "Amber-blind 2nd"]
[Site "Monte Carlo"]
[Date "1993.??.??"]
[Round "3"]
[White "Ljubojevic, Ljubomir"]
[Black "Ivanchuk, Vassily"]
[Result "1/2-1/2"]
[WhiteElo "2605"]
[BlackElo "2710"]

1.c4 c5 2.Nf3 Nf6 3.g3 d5 4.cxd5 Nxd5 5.Bg2 Nc6 6.Nc3 g6 7.Qa4 Bg7 8.O-O O-O
9.Qb5 Qb6 10.Qxb6 Nxb6 11.d3 c4 12.dxc4 Nxc4 13.Nd2 Be6 14.Nxc4 Bxc4 15.Be3 Rfd8
16.Rfc1 Rac8 17.Rab1 Bxc3 18.bxc3 b6 19.Rb2 Na5 20.Bd4 Be6 21.Ra1 Rc4 22.Be4 Ra4
23.Bc2 Ra3 24.f3 Nc6 25.Bb3 Bxb3 26.Rxb3 Ra4 27.Be3 f6 28.h4 Kf7 29.Kf2 Rd5
30.Ke1 Rda5 31.a3 Ke6 32.Bc1 Rd5 33.Ra2 Rc4 34.Bd2 Kd7 35.Rab2 Kc7 36.Ra2 Kb7
37.Rb1 f5 38.Rb3 e5 39.Rab2 e4 40.fxe4 Rxe4 41.Rb5 Rxb5 42.Rxb5 Ne5 43.Rd5 Kc6
44.Rd8 Nf3+ 45.Kd1 Nxd2 46.Kxd2 Rg4 47.Rd3 a5 48.Re3 Kb5 49.Kc2 Re4 50.Rxe4 fxe4
51.Kb3 Kc5 52.Kb2 Kc4 53.Kc2 b5 54.Kb2 h5 55.Kc2 a4 56.Kb2 Kd5 57.Kc2 Kc4
58.Kb2 Kd5 59.Kc2  1/2-1/2

[Event "Amber-rapid 2nd"]
[Site "Monte Carlo"]
[Date "1993.??.??"]
[Round "4"]
[White "Short, Nigel D"]
[Black "Ivanchuk, Vassily"]
[Result "1/2-1/2"]
[WhiteElo "2655"]
[BlackElo "2710"]

1.e4 c5 2.Nf3 Nc6 3.d4 cxd4 4.Nxd4 e5 5.Nb5 d6 6.Bc4 a6 7.N5c3 Nf6 8.Bg5 Be7
9.Bxf6 Bxf6 10.Nd5 O-O 11.a3 Bg5 12.O-O Be6 13.Nd2 Rc8 14.Ba2 Bxd2 15.Qxd2 Ne7
16.c3 Bxd5 17.Bxd5 Nxd5 18.Qxd5 Qb6 19.Rab1 Rc6 20.Rfd1 Rfc8 21.g3 g6 22.Kg2 Kg7
23.h4 h5 24.Qd3 Rc4 25.Rd2 Qc6 26.f3 Rd8 27.Rbd1 b5 28.Qe3 a5 29.Rd3 b4 30.cxb4 axb4
31.axb4 Rxb4 32.b3 Qb6 33.Qxb6 Rxb6 34.Rc1 Rdb8 35.Rcc3 f5 36.Kf2 Kf6 37.Ke3 Ke6
38.Kd2 Ra8 39.Rc7 Ra2+ 40.Rc2 Ra1 41.Rc1 Ra2+ 42.Rc2  1/2-1/2

[Event "Amber-rapid 2nd"]
[Site "Monte Carlo"]
[Date "1993.??.??"]
[Round "6"]
[White "Ivanchuk, Vassily"]
[Black "Christiansen, Larry Mark"]
[Result "1/2-1/2"]
[WhiteElo "2710"]
[BlackElo "2620"]

1.e4 c5 2.Nf3 Nc6 3.d4 cxd4 4.Nxd4 g6 5.Nc3 Bg7 6.Be3 Nf6 7.Nb3 O-O 8.Be2 b6
9.f4 Bb7 10.O-O Rc8 11.e5 Ne8 12.Bg4 e6 13.Nb5 Nb4 14.Bd2 a5 15.Bxb4 axb4
16.Rf2 f6 17.Rd2 Bd5 18.Rxd5 exd5 19.Qxd5+ Kh8 20.Qxd7 Qxd7 21.Bxd7 Rxc2
22.e6 f5 23.e7 Rf7 24.N5d4 Rxe7 25.Nxc2 Rxd7 26.Re1 Nc7 27.Nxb4 Bxb2 28.Re2 Bc3
29.Nc6 Kg7 30.g3 Bf6 31.Rd2 Rxd2 32.Nxd2 Kf7 33.Kf1 Ke6 34.Ke2 Kd6 35.Nb4 b5
36.Kd3 Ne6 37.Nb3 h6 38.Nc2 Nc5+ 39.Nxc5 Kxc5 40.Ne1 g5 41.Nc2 gxf4 42.gxf4 Kd5
43.Ne3+ Ke6 44.Nc2 Kd5 45.Ne3+  1/2-1/2

[Event "Amber-blind 2nd"]
[Site "Monte Carlo"]
[Date "1993.??.??"]
[Round "6"]
[White "Christiansen, Larry Mark"]
[Black "Ivanchuk, Vassily"]
[Result "1/2-1/2"]
[WhiteElo "2620"]
[BlackElo "2710"]

1.c4 c5 2.Nf3 Nf6 3.Nc3 d5 4.cxd5 Nxd5 5.e4 Nb4 6.Bb5+ N8c6 7.d4 cxd4 8.a3 Bd7
9.axb4 dxc3 10.bxc3 g6 11.O-O Bg7 12.Bf4 O-O 13.Rc1 a5 14.h3 Be6 15.Qxd8 Rfxd8
16.Bxc6 bxc6 17.bxa5 Rdc8 18.Rfd1 c5 19.Ng5 Bc4 20.Rd7 e5 21.Be3 h6 22.Nf3 Be6
23.Rb7 Rxa5 24.Rcb1 Ra4 25.Rb8 Rxb8 26.Rxb8+ Kh7 27.Nd2 c4 28.Rb5 Ra3 29.Nf3 Rxc3
30.Nxe5 Rb3 31.Rc5 c3 32.Bd4 g5 33.Nf3 Rb4 34.Bxc3 Bxc3 35.Rxc3 Rxe4  1/2-1/2

[Event "Amber-rapid 2nd"]
[Site "Monte Carlo"]
[Date "1993.??.??"]
[Round "9"]
[White "Kortschnoj, Viktor"]
[Black "Ivanchuk, Vassily"]
[Result "1/2-1/2"]
[WhiteElo "2605"]
[BlackElo "2710"]

1.d4 Nf6 2.c4 e6 3.Nc3 Bb4 4.e3 O-O 5.Bd3 c5 6.Nf3 b6 7.O-O Bb7 8.Na4 cxd4
9.exd4 Re8 10.c5 Bxf3 11.Qxf3 Nc6 12.Qd1 Nxd4 13.Bxh7+ Nxh7 14.Qxd4 bxc5
15.Nxc5 Qb6 16.Be3 e5 17.Qc4 Rac8 18.Rac1 Nf6 19.Nd3 Rxc4 20.Bxb6 Rxc1 21.Rxc1 Bd2
22.Rd1 axb6 23.Rxd2 d5 24.Nb4 d4 25.f3 Rc8 26.Rc2 Rxc2 27.Nxc2 Nd5 28.Kf2 Kf8
29.a4 Ke7 30.Na3 Ne3 31.b4 Kd6 32.a5 bxa5 33.bxa5 Kc5 34.g3 Nd5 35.a6 f6
36.a7 Nc7 37.h4 Kb6 38.Nc4+ Kxa7 39.Nd6 g6 40.Nc8+ Kb7 41.Ne7 g5 42.h5 Ne6
43.Ng6 g4 44.h6 Ng5 45.fxg4 Kc6 46.Nf8 Nf7 47.h7 Nh8 48.g5 fxg5 49.Ne6 g4
50.Ng7 Kd5 51.Nf5 Ke6 52.Nh6 e4 53.Ke2 Kf6 54.Nxg4+ Kg7 55.Nf2 e3  1/2-1/2

[Event "Amber-blind 2nd"]
[Site "Monte Carlo"]
[Date "1993.??.??"]
[Round "10"]
[White "Karpov, Anatoly"]
[Black "Ivanchuk, Vassily"]
[Result "1-0"]
[WhiteElo "2725"]
[BlackElo "2710"]

1.d4 Nf6 2.c4 g6 3.Nc3 Bg7 4.e4 d6 5.f3 O-O 6.Be3 c5 7.dxc5 dxc5 8.Qxd8 Rxd8
9.Bxc5 Nc6 10.Nd5 Nd7 11.Bxe7 Nxe7 12.Nxe7+ Kf8 13.Nd5 Bxb2 14.Rb1 Bg7 15.Nh3 Nc5
16.Nf2 b6 17.h4 Ba6 18.h5 Rac8 19.Ng4 Nd7 20.hxg6 hxg6 21.Rb4 Bb7 22.Nge3 Bd4
23.Kd2 Kg7 24.Be2 Ne5 25.Rc1 f5 26.Rb3 fxe4 27.fxe4 Nc6 28.Bg4 Rb8 29.Rd3 Be5
30.c5 b5 31.Be2 a6 32.Ng4 Bb2 33.Rh1 Ne5 34.Nxe5 Bxe5 35.Bg4 Bc6 36.Ke3 a5
37.Rhd1 Re8 38.Nb6 Bb2 39.Bf3 Be5 40.Nd7 Bc7 41.e5 Bxf3 42.Kxf3 Bxe5 43.Re3 Rbd8
44.c6 Bc7 45.Rxe8 Rxe8 46.Nc5 Kf7 47.Rd5 Re7 48.Na6 b4 49.g4 Ke6 50.Rg5 Bd6
51.Rxa5 Ra7  1-0

[Event "Moscow blitz"]
[Site "Moscow"]
[Date "1993.??.??"]
[Round "?"]
[White "Ivanchuk, Vassily"]
[Black "Budnikov, Alexandar"]
[Result "0-1"]
[WhiteElo "2710"]
[BlackElo "2520"]

1.d4 Nf6 2.c4 e5 3.dxe5 Ng4 4.e4 Nxe5 5.f4 Nec6 6.Nf3 Bc5 7.a3 a5 8.Nc3 d6
9.Qd3 O-O 10.Bd2 Bg4 11.O-O-O Nd7 12.h3 Bxf3 13.gxf3 Nf6 14.Nd5 Nxd5 15.cxd5 Ne7
16.Kb1 c6 17.dxc6 bxc6 18.f5 f6 19.Rh2 d5 20.Rg2 Kh8 21.Bc1 Ra7 22.Rc2 Bb6
23.h4 Rd7 24.h5 h6 25.f4 Bc7 26.Bg2 Qb8 27.exd5 cxd5 28.Be3 Bxf4 29.Bc5 Bd6
30.Bd4 Be5 31.Bc5 d4  0-1